| 000 | 01150nam a2200301 i 4500 | ||
|---|---|---|---|
| 001 | 6250 | ||
| 003 | ES-MaACL | ||
| 005 | 20240509101813.0 | ||
| 007 | t| | ||
| 008 | 890911s1989 sp ||||0| spa d | ||
| 020 | _a84-7658-167-X | ||
| 080 | _a572 Caro Baroja, Julio | ||
| 080 | _a92 Caro Baroja, Julio | ||
| 245 | 0 | 0 |
_aJulio Caro Baroja _b: Premio Nacional de las Letras Españolas (1985) / _c[Jokin Apalategi... (et al.)]. |
| 250 | _a1a ed. | ||
| 260 |
_aBarcelona : _bAnthropos : _b; Madrid : Direccion General del Libro y Bibliotecas, _c1989. |
||
| 300 |
_a158 p. : _bfot. bl. y n. ; _c20 cm. |
||
| 490 | 1 |
_aAmbitos literarios. Premios nacionales de las letras españolas ; _v2 |
|
| 500 | _aBibliografia. | ||
| 600 | 1 | 4 |
_aCaro Baroja, Julio, _d1914-1995 _935403 |
| 700 | 1 |
_aApalategi, Jokin. _922030 |
|
| 700 | 1 |
_aCaro Baroja, Julio, _d1914-1995 _935403 |
|
| 710 | 1 |
_aEspaña. _bDirección General del Libro y Bibliotecas. _93788 |
|
| 830 | 0 |
_aAmbitos literarios. _pPremios nacionales de las letras españolas ; _v2 _9177491 |
|
| 852 |
_aES-MaACL _jL-13400 _bR.116755 _xEncuadernación rustica |
||
| 942 | _2udc | ||
| 999 |
_c6250 _d6250 |
||